<?xml version='1.0' encoding='UTF-8'?>
  <record xmlns="http://www.loc.gov/MARC21/slim">
    <leader>00000ctc a22000007i 4500</leader>
    <controlfield tag="001">on1052887028</controlfield>
    <controlfield tag="003">OCoLC</controlfield>
    <controlfield tag="005">20260106110429.9</controlfield>
    <controlfield tag="008">180919k15741650xx            000 0 lat d</controlfield>
    <datafield tag="040" ind1=" " ind2=" ">
      <subfield code="a">QGJ</subfield>
      <subfield code="b">eng</subfield>
      <subfield code="e">rda</subfield>
      <subfield code="e">dcrmmss</subfield>
      <subfield code="c">QGJ</subfield>
      <subfield code="d">OCLCQ</subfield>
      <subfield code="d">OCLCO</subfield>
      <subfield code="d">OCLCL</subfield>
      <subfield code="d">QGJ</subfield>
    </datafield>
    <datafield tag="035" ind1=" " ind2=" ">
      <subfield code="a">(OCoLC)1052887028</subfield>
    </datafield>
    <datafield tag="100" ind1="1" ind2=" ">
      <subfield code="a">Rosendael, Amelis van,</subfield>
      <subfield code="d">1557-1620,</subfield>
      <subfield code="e">correspondent.</subfield>
      <subfield code="4">crp</subfield>
      <subfield code="0">(isni)0000000389752382</subfield>
    </datafield>
    <datafield tag="240" ind1="1" ind2="0">
      <subfield code="a">Correspondence</subfield>
    </datafield>
    <datafield tag="245" ind1="1" ind2="0">
      <subfield code="a">Aemilii &amp; Jacobi Rosendaliorum Epistolae &amp; diversorum ad eosdem.</subfield>
      <subfield code="b">Joh. Mauritii Epistolae mss ad Joh. de Laet autographae. Anton. Lauwerii Realis Epistolae.</subfield>
      <subfield code="f">UBU Hs. 986 (Hs 7 A 26).</subfield>
    </datafield>
    <datafield tag="246" ind1="3" ind2=" ">
      <subfield code="a">Epistolae &amp; diversorum ad eosdem</subfield>
    </datafield>
    <datafield tag="264" ind1=" " ind2="0">
      <subfield code="a">[Various places of production],</subfield>
      <subfield code="c">1574-1650.</subfield>
    </datafield>
    <datafield tag="300" ind1=" " ind2=" ">
      <subfield code="a">1 box (30 portfolios (441 leaves)) ;</subfield>
      <subfield code="c">38 x 27 x 13 cm</subfield>
    </datafield>
    <datafield tag="336" ind1=" " ind2=" ">
      <subfield code="a">text</subfield>
      <subfield code="b">txt</subfield>
      <subfield code="2">rdacontent</subfield>
    </datafield>
    <datafield tag="337" ind1=" " ind2=" ">
      <subfield code="a">unmediated</subfield>
      <subfield code="b">n</subfield>
      <subfield code="2">rdamedia</subfield>
    </datafield>
    <datafield tag="338" ind1=" " ind2=" ">
      <subfield code="a">sheet</subfield>
      <subfield code="b">nb</subfield>
      <subfield code="2">rdacarrier</subfield>
    </datafield>
    <datafield tag="340" ind1=" " ind2=" ">
      <subfield code="a">paper</subfield>
      <subfield code="2">rdamat</subfield>
    </datafield>
    <datafield tag="500" ind1=" " ind2=" ">
      <subfield code="a">Originally all letters were bound in one binding. In 1968 the letters were restored by Oellers in Valkenburg. On that occasion they were taken from the binding. The letters are kept in the original order in 30 portfolios, 16 of them loose in the original binding and 14 in a modern binding.</subfield>
    </datafield>
    <datafield tag="505" ind1="0" ind2=" ">
      <subfield code="a">Fol. 5-283. Letters by and to Amelis and Jacob van Rosendael -- fol. 284-412. 102 letters by John Morris to Joannes de Laet -- fol. 413-441. 14 letters by Ant. Louverius Real to Jan Jacobsz. van Rosendael.</subfield>
    </datafield>
    <datafield tag="520" ind1="2" ind2=" ">
      <subfield code="a">Collection of documents, mostly letters, the greater part original but some transcribed. Includes also poems and theses.</subfield>
    </datafield>
    <datafield tag="520" ind1=" " ind2=" ">
      <subfield code="a">Fol. 5-283 contain, apart from letters by Amelis, Jacob and Jan Jacobsz. van Rosendael, 1 letter (including poems) by Paulus and Theodorus (Dirck) Traudenius, 1 letter by Jan Jacobsz. van Rosendael, 1 letter by Wernard, count of Ostfriesland, dated 1616, 1 letter by Franco Duyck, a poem by Dominicus Baudius, 1 letter by Jan Verdoes from Archangel, dated 1596, 1 letter by Gualter Verdoes, 1 letter by Leon. Voochd, 1 letter by Gualt. Bruno Ronssaeus, 13 letters (8 original, 5 transcribed) by Justus Lipisius, 4 letters by Otto Heurnius, 1 letter by Franciscus Raphelengius, 40 letters (including poems) by Janus Gruterus, 1 letter by Rudolphus Snellius, 11 letters by Willebrordus Snellius, 5 letters (including poems) by Lamb. Copperus, 9 letters (including poems) by Sim. de Lange, 6 letters (including poems) by Flor. Th. Schoonhovius, 1 letter by Hadr. Cornelii medicus, 1 letter by Eduard Poppius, 1 letter by J. Chrie.</subfield>
    </datafield>
    <datafield tag="520" ind1=" " ind2=" ">
      <subfield code="a">Fol. 284-412 contain, apart from 102 letters by John Morris to Joannes de Laet, 1 letter by Thomas Rowe, dated 1641 and 2 letters dated 1642 by Georg Rudolf Weckherlin.</subfield>
    </datafield>
    <datafield tag="524" ind1="8" ind2=" ">
      <subfield code="a">Cite as: Universiteitsbibliotheek Utrecht Hs. 986 (Hs 7 A 26).</subfield>
    </datafield>
    <datafield tag="563" ind1=" " ind2=" ">
      <subfield code="a">Contemporary parchment binding over pasteboards.</subfield>
    </datafield>
    <datafield tag="581" ind1=" " ind2=" ">
      <subfield code="a">P.A. Tiele, Catalogus codicum manu scriptorum Bibliothecae Universitatis Rheno-Trajectinae. I. Trajecti ad Rhenum / Hagae Comitis 1887. P. 236-237</subfield>
    </datafield>
    <datafield tag="581" ind1=" " ind2=" ">
      <subfield code="a">M.J.A.M. Ahsmann, Collegia en colleges. Juridisch onderwijs aan de Leidse Universiteit 1575-1630 in het bijzonder het disputeren. Dissertatie Leiden. Groningen 1990. p. 47, 57, 61-63, 252, 281-282, 314-315, 506, 570, 577 (met afb. van f. 102).</subfield>
    </datafield>
    <datafield tag="581" ind1=" " ind2=" ">
      <subfield code="a">J.A.F. Bekkers, The correspondence of John Morris with Johannes de Laet. Dissertatie Nijmegen. Nijmegen 1970. (Uitgave van de 102 brieven van John Morris: fol. 284-412).</subfield>
    </datafield>
    <datafield tag="581" ind1=" " ind2=" ">
      <subfield code="a">T.A. Birrell, The library of John Morris. The reconstruction of a Seventeenth-century collection. London 1976. pl. 1 (fol. 290r, zonder verder commentaar).</subfield>
    </datafield>
    <datafield tag="581" ind1=" " ind2=" ">
      <subfield code="a">[Hulshof 1918 MM] p. XX nr. 35a-b, pl. 35a-b [fol. 54r, 92r].</subfield>
    </datafield>
    <datafield tag="581" ind1=" " ind2=" ">
      <subfield code="a">J. van Vloten, 'Twee brieven van een Hollandsch koopvaarder [Joannes Verdoesius] uit Archangel, in 1595 [aan Aemilius Rosendalius]', in: Tijdschrift voor staathuishoudkunde en statistiek 21 (1861), p. 316-321. p. 316-321 (uitgave van deze twee brieven).</subfield>
    </datafield>
    <datafield tag="583" ind1="1" ind2=" ">
      <subfield code="a">restoration;</subfield>
      <subfield code="c">1986;</subfield>
      <subfield code="k">Oellers (Valkenburg)</subfield>
    </datafield>
    <datafield tag="700" ind1="1" ind2=" ">
      <subfield code="a">Rosendael, Jacob van,</subfield>
      <subfield code="e">correspondent.</subfield>
      <subfield code="4">crp</subfield>
    </datafield>
    <datafield tag="700" ind1="1" ind2=" ">
      <subfield code="a">Morris, John,</subfield>
      <subfield code="d">approximately 1585-1658,</subfield>
      <subfield code="e">correspondent.</subfield>
      <subfield code="4">crp</subfield>
      <subfield code="1">https://id.oclc.org/worldcat/entity/E39PBJxcYrKpvkXDX8XjrHtVG3</subfield>
    </datafield>
    <datafield tag="700" ind1="1" ind2=" ">
      <subfield code="a">Laet, Joannes de,</subfield>
      <subfield code="d">1581-1649,</subfield>
      <subfield code="e">addressee.</subfield>
      <subfield code="4">rcp</subfield>
      <subfield code="1">https://id.oclc.org/worldcat/entity/E39PBJkD4R783jD9b7vGQ6Y3wC</subfield>
    </datafield>
    <datafield tag="700" ind1="1" ind2=" ">
      <subfield code="a">Real, Ant. Louverius,</subfield>
      <subfield code="e">correspondent.</subfield>
      <subfield code="4">crp</subfield>
    </datafield>
    <datafield tag="700" ind1="1" ind2=" ">
      <subfield code="a">Rosendael, Jan Jacobsz van,</subfield>
      <subfield code="d">1522-1583,</subfield>
      <subfield code="e">addressee,</subfield>
      <subfield code="4">rcp</subfield>
    </datafield>
    <datafield tag="700" ind1="1" ind2=" ">
      <subfield code="a">Lipsius, Justus,</subfield>
      <subfield code="d">1547-1606,</subfield>
      <subfield code="e">correspondent.</subfield>
      <subfield code="4">crp</subfield>
      <subfield code="1">https://id.oclc.org/worldcat/entity/E39PBJpDVCJRfRwPc9y6y4xbh3</subfield>
    </datafield>
    <datafield tag="700" ind1="1" ind2=" ">
      <subfield code="a">Heurne, Otto van,</subfield>
      <subfield code="d">1577-1652,</subfield>
      <subfield code="e">correspondent.</subfield>
      <subfield code="4">crp</subfield>
      <subfield code="1">https://id.oclc.org/worldcat/entity/E39PBJqVPQRGd4hwRx8hjRqYT3</subfield>
    </datafield>
    <datafield tag="700" ind1="1" ind2=" ">
      <subfield code="a">Gruterus, Janus,</subfield>
      <subfield code="d">1560-1627,</subfield>
      <subfield code="e">correspondent.</subfield>
      <subfield code="4">crp</subfield>
      <subfield code="1">https://id.oclc.org/worldcat/entity/E39PBJxGYMGj9mxHGRrbRVpQMP</subfield>
    </datafield>
    <datafield tag="700" ind1="1" ind2=" ">
      <subfield code="a">Snellius, Willebrord,</subfield>
      <subfield code="d">1580-1626,</subfield>
      <subfield code="e">correspondent.</subfield>
      <subfield code="4">crp</subfield>
      <subfield code="1">https://id.oclc.org/worldcat/entity/E39PBJtrWJcK8f4CWRCKmMWFKd</subfield>
    </datafield>
    <datafield tag="700" ind1="1" ind2=" ">
      <subfield code="a">Copperus, Lambertus,</subfield>
      <subfield code="e">correspondent.</subfield>
      <subfield code="4">crp</subfield>
    </datafield>
    <datafield tag="700" ind1="1" ind2=" ">
      <subfield code="a">Lange, Sim. de,</subfield>
      <subfield code="e">correspondent.</subfield>
      <subfield code="4">crp</subfield>
    </datafield>
    <datafield tag="700" ind1="1" ind2=" ">
      <subfield code="a">Schoonhoven, Florens,</subfield>
      <subfield code="d">1594-1648,</subfield>
      <subfield code="e">correspondent.</subfield>
      <subfield code="4">crp</subfield>
      <subfield code="1">https://id.oclc.org/worldcat/entity/E39PBJxGWCyBMfp8f6TPkMBQMP</subfield>
    </datafield>
    <datafield tag="700" ind1="1" ind2=" ">
      <subfield code="a">Burmannus, Petrus,</subfield>
      <subfield code="d">1713-1778,</subfield>
      <subfield code="e">former owner.</subfield>
      <subfield code="4">fmo</subfield>
      <subfield code="1">https://id.oclc.org/worldcat/entity/E39PBJkpbyX99MGcTFkWWf6HYP</subfield>
    </datafield>
    <datafield tag="710" ind1="2" ind2=" ">
      <subfield code="a">Universiteit Utrecht.</subfield>
      <subfield code="b">Bibliotheek.</subfield>
      <subfield code="k">Manuscript</subfield>
      <subfield code="n">Hs. 986 (Hs 7 A 26)</subfield>
    </datafield>
    <datafield tag="758" ind1=" " ind2=" ">
      <subfield code="i">has work:</subfield>
      <subfield code="a">Correspondence (Text)</subfield>
      <subfield code="1">https://id.oclc.org/worldcat/entity/E39PCG747YPvkDhQykX9HR3CwC</subfield>
      <subfield code="4">https://id.oclc.org/worldcat/ontology/hasWork</subfield>
    </datafield>
    <datafield tag="856" ind1="4" ind2="2">
      <subfield code="u">http://repertorium.library.uu.nl/node/2786</subfield>
      <subfield code="x">Online</subfield>
      <subfield code="z">Digitaal repertorium</subfield>
    </datafield>
  </record>